000
00271nam a2200109Ia 4500
001
588752
005
20250717120837.0
008
250717s9999 xx 000 0 und d
245
0
_a
Z-1 BOĞAÇ HAN
_c
H. İBRAHİM TAŞKIRAN
260
_b
ERDEM YAYINLARI
_c
2020
300
_b
96
999
_c
588752
_d
588752